Hướng dẫn sử dụng Microsoft Word và các thủ thuật

Cuốn sách giúp các bạn lần lượt làm quen và thực hành các tính năng từ đơn giản như mở một tập tin đến phức tạp như trang trí hoàn chỉnh một văn bản với đầy đủ tính chuyên nghiệp của nó.

Đã lưu trong:
書目詳細資料
主要作者: Đoàn, Ngọc Đăng Linh
格式: 圖書
語言:Undetermined
出版: Hà Nội Thanh Niên 2009
主題:
標簽: 添加標簽
沒有標簽, 成為第一個標記此記錄!
Thư viện lưu trữ: Trung tâm Học liệu Trường Đại học Cần Thơ
LEADER 01037nam a2200217Ia 4500
001 CTU_142419
008 210402s9999 xx 000 0 und d
020 |c 40000 
082 |a 005.3 
082 |b L312 
100 |a Đoàn, Ngọc Đăng Linh 
245 0 |a Hướng dẫn sử dụng Microsoft Word và các thủ thuật 
245 0 |c Đoàn Ngọc Đăng Linh 
260 |a Hà Nội 
260 |b Thanh Niên 
260 |c 2009 
520 |a Cuốn sách giúp các bạn lần lượt làm quen và thực hành các tính năng từ đơn giản như mở một tập tin đến phức tạp như trang trí hoàn chỉnh một văn bản với đầy đủ tính chuyên nghiệp của nó. 
650 |a Word ( computer programs ),Office practice,Công việc văn phòng,Word ( chương trình máy tính) 
650 |x Automation,Tự động hóa 
904 |i Trọng Hiếu 
980 |a Trung tâm Học liệu Trường Đại học Cần Thơ